Llibre blanc del disseny a Catalunya
Publicado:
Barcelona :
Generalitat de Catalunya, Departament de la Presidència, Servei Central de Publicacions ,
1984
Descripción Física:
V. 1: Disseny industrial . 30 cm
Materias:
Disseny industrial -- Catalunya
MARC
| LEADER | 00000nam a2200000Ia 4500 | ||
|---|---|---|---|
| 001 | 1312 | ||
| 008 | 160829s1984 - xx 000 0 cat d | ||
| 080 | |a C-1-53 | ||
| 245 | |a Llibre blanc del disseny a Catalunya | ||
| 260 | |a Barcelona : |b Generalitat de Catalunya, Departament de la Presidència, Servei Central de Publicacions, |c 1984 - | ||
| 300 | |a V. 1: |b Disseny industrial . |x 154 p. ; |c 30 cm | ||
| 650 | |a Disseny industrial |x Catalunya |9 21069 | ||
| 710 | |a Catalunya. |b Departament de la Presidència |9 10777 | ||
| 901 | |a Arxiu | ||
| 942 | |n 1 | ||
| 952 | |0 0 |1 0 |4 0 |6 C153 |7 1 |9 41787 |a Arxiu |b Arxiu |d 2016-12-01 |l 0 |o C-1-53 |p 1312 |r 2016-12-01 00:00:00 |w 2016-12-01 |y ARXIU | ||
| 999 | |c 43678 |d 43678 | ||